书目信息 |
| 题名: |
卡德尔回忆录
|
|
| 作者: | 卡德尔 , Kardelj 著 ;李代军 译 | |
| 分册: | ||
| 出版信息: | 北京 新华出版社 1981 |
|
| 页数: | 335页 | |
| 开本: | 21cm | |
| 丛书名: | ||
| 单 册: | ||
| 中图分类: | K835.437.5 , K833 | |
| 科图分类: | ||
| 主题词: | ||
| 电子资源: | ||
| ISBN: | ||
| 000 | 00731nam0 2200265 45 | |
| 001 | 1554590920 | |
| 005 | 20150123151025.42 | |
| 010 | @dCNY1.10 | |
| 091 | @aCN@b11203.016 | |
| 100 | @a19950411d1981 em y0chiy0121 ea | |
| 101 | 1 | @achi |
| 102 | @aCN@b110000 | |
| 105 | @af z 000ya | |
| 200 | 10 | @a卡德尔回忆录@Aka de er hui yi lu@e1944-1957@f(南斯拉夫)卡德尔(E.Kardelj)著@g李代军等译 |
| 210 | @a北京@c新华出版社@d1981 | |
| 215 | @a335页@c照片@d21cm | |
| 600 | 1 | @a卡德尔@bE.@x回忆录 |
| 690 | @aK835.437.5@v3 | |
| 690 | @aK833@v4 | |
| 701 | 1 | @a卡德尔@Aka de er@bE.@4著 |
| 701 | A1 | @aKardelj@bE.@4著 |
| 702 | 0 | @a李代军@Ali dai jun@4译 |
| 801 | 0 | @aCN@bTSSF@c20150123 |
| 801 | 2 | @aCN@bNLC |
| 905 | @aZUCC@dK833@eJY2 | |
| 卡德尔回忆录:1944-1957/(南斯拉夫)卡德尔(E.Kardelj)著/李代军等译.-北京:新华出版社,1981 |
| 335页:照片;21cm |
| ISBN :CNY1.10 |
| ● |
| 相关链接 |
|
|
|
|
正题名:卡德尔回忆录
索取号:K833/JY2
 
预约/预借
| 序号 | 登录号 | 条形码 | 馆藏地/架位号 | 状态 | 备注 |
| 1 | 7836586 | 278365868 | 学院路分馆/ [索取号:K833/JY2] | 在馆 |